| 000 | 01638nam a2200397 a 4500 | ||
|---|---|---|---|
| 001 | ebr10551921 | ||
| 003 | CaPaEBR | ||
| 006 | m u | ||
| 007 | cr cn||||||||| | ||
| 008 | 110729s2011 nyu sb 001 0 eng d | ||
| 010 | _z 2011031755 | ||
| 020 | _z9781433115943 (hardcovers alk. paper) | ||
| 020 | _z1433115948 (hardcovers alk. paper) | ||
| 020 | _z9781453901908 (e-book) | ||
| 040 |
_aCaPaEBR _cCaPaEBR |
||
| 035 | _a(OCoLC)792742292 | ||
| 043 | _aa-kr--- | ||
| 050 | 1 | 4 |
_aBR563.K67 _bP37 2011eb |
| 082 | 0 | 4 |
_a261.5 _223 |
| 100 | 1 |
_aPark, Jung Eun Sophia, _d1963- |
|
| 245 | 1 | 2 |
_aA hermeneutic on dislocation as experience _h[electronic resource] : _bcreating a borderland, constructing a hybrid identity / _cJung Eun Sophia Park. |
| 260 |
_aNew York : _bPeter Lang, _cc2011. |
||
| 300 | _aviii, 137 p. | ||
| 490 | 1 |
_aStudies in biblical literature, _x1089-0645 ; _vv. 146 |
|
| 504 | _aIncludes bibliographical references and index. | ||
| 533 |
_aElectronic reproduction. _bPalo Alto, Calif. : _cebrary, _d2013. _nAvailable via World Wide Web. _nAccess may be limited to ebrary affiliated libraries. |
||
| 630 | 0 | 0 |
_aBible. _pN.T. _pVII, 53-VIII, 11 _xSocio-rhetorical criticism. |
| 650 | 0 |
_aKorean American women _xReligious life. |
|
| 650 | 0 |
_aChristian women _xReligious life. |
|
| 650 | 0 | _aAlienation (Theology) | |
| 650 | 0 |
_aShamanism _zKorea. |
|
| 655 | 7 |
_aElectronic books. _2local |
|
| 710 | 2 | _aebrary, Inc. | |
| 830 | 0 |
_aStudies in biblical literature ; _vv. 146. |
|
| 856 | 4 | 0 |
_uhttp://site.ebrary.com/lib/rucke/Doc?id=10551921 _zAn electronic book accessible through the World Wide Web; click to view |
| 999 |
_c92384 _d92384 |
||